00442ntaaa2200157 45000030003000000050017000030080021000200400037000410820017000781000029000952450040001242500048001643000011002125000033002236500028002560120251027201428.00714s1973 ag 01  aAR-BaBNbspacAR-BaBNeaacrdRIC a270.7800 N51 aNichols, James Hastings  aHistory of Christianity, 1650-1950. a1 ed. : bThe Ronald Press Company, cc1956 a493 p. a"secularization of the west" aHistoria Eclesiástica